Music Quiz

Random Music or Rock Quiz

Clickable U2 Match Up Quiz Stats

 Plays Quiz not verified by Sporcle

Score 0/20 Timer 04:00
0 Plays Today
% Correct
Sunday
98.5%
New
92.5%
Angel
91%
The
91%
4th
91%
I
89.9%
One
89.5%
In
89.1%
Raised
87.3%
Peace
85.4%
% Correct
One
83.5%
Every
80.5%
White
80.5%
Van
80.1%
Love
79.4%
Song
79%
Moment
77.5%
God
76.8%
Stories
75.7%
An
70.8%

You're not logged in!

Compare scores with friends on all Sporcle quizzes.
OR
Log In

Sporcle TV

Today on Sporcle TV


Watch our educational content, quiz creation guides, and fun videos on Sporcle TV.

Show Comments

Extras

Top Quizzes Today


Score Distribution

Your Account Isn't Verified!

In order to create a playlist on Sporcle, you need to verify the email address you used during registration. Go to your Sporcle Settings to finish the process.

Report this User

Report this user for behavior that violates our Community Guidelines.

Details: